Metalurgija

Salvato in:
Dettagli Bibliografici
Natura: Periodico
Lingua:inglese
Pubblicazione: Zagreb Croatian Metallurgical Society
Tags: Aggiungi Tag
Nessun Tag, puoi essere il primo ad aggiungerne!!

MARC

LEADER 00000nas1a2200000 4500
001 0248512
005 20250701092126.0
022 |a 1334-2576 
022 |a 0543-5846 
041 0 |a eng 
044 |a HR 
245 1 0 |a Metalurgija 
264 1 |a Zagreb  |b Croatian Metallurgical Society